Marketing školy - zbytočný luxus alebo nevyhnutnosť? vedieť sa "predať"

Škola z pohľadu marketingu. Ciele marketingovej stratégie školy. Praktické príklady.

Saved in:
Bibliographic Details
Main Author: Repčíková, Saskia
Format: Book Chapter
Language:Slovak
Subjects:
Tags: Add Tag
No Tags, Be the first to tag this record!

MARC

LEADER 00000naa a2200000 4500
001 0130340
005 20231127102356.1
041 0 |a slo 
044 |a SK 
245 1 0 |a Marketing školy - zbytočný luxus alebo nevyhnutnosť?  |b vedieť sa "predať"  |c Saskia Repčíková 
520 |a Škola z pohľadu marketingu. Ciele marketingovej stratégie školy. Praktické príklady. 
610 2 0 |a stratégia marketingová 
610 2 0 |a školy 
610 2 0 |a politika školská 
100 1 |a Repčíková, Saskia